MIGRUJÚCE VTÁCTVO NA PODVIHORLATSKEJ VODNEJ NÁDRŽI A ZVYŠNEJ NEZAVODNENEJ ČASTI BLATSKEJ NÍŽINY R. 1966□1970

Podrobná bibliografia
Hlavný autor: Ferianc, Oskár, 1905-1987 (Autor)
Médium: Článok
Jazyk:slovenčina

MARC

LEADER 00000nab a2200000uu 4500
001 vtls011441754
003 SK-MaSNL
005 20260304204526.0
008 230213|1972 xo |||||||||||||||||slo|
015 |a SNBRB 
035 |a (urnnbn)urn:nbn:sk:snk:ar-0031a3 
035 |a (uuid)80feb06d-f34d-4613-847b-74256db53389 
035 |a urn:nbn:sk:snk-abcfxd 
040 |a SNKBUCL  |b slo  |c SNKBUCL  |e AACR2 
041 0 |a slo 
044 |a xo  |c SK 
100 1 |a Ferianc, Oskár,  |d 1905-1987  |4 aut  |9 92182 
245 1 0 |a MIGRUJÚCE VTÁCTVO NA PODVIHORLATSKEJ VODNEJ NÁDRŽI A ZVYŠNEJ NEZAVODNENEJ ČASTI BLATSKEJ NÍŽINY R. 1966□1970  |c Oskar Ferianc 
773 0 |t Biológia : časopis Slovenskej akadémie vied  |g Roč. 27, č. 11 (1972), s. 859-867 
954 |a odborná, vedecká literatúra pôvodná (slovenská)  |2 lita 
958 |a OND 
958 |a EUIPO 
958 |a article16 
999 |c 3116536  |d 3118466